000 00800nam a2200277 a 4500
008
020 _a0727917617 (pbk. )
049 _aMAIN
090 0 _aRC200 ADL
100 _aAdler , Michael
245 1 0 _aABC of sexually transmitted infections /
_cMichael W. Adler... (et..al)
250 _a5th ed.
260 _aLondon :
_bBMJ Publishing Group,
_c2004.
300 _avii, 89 p. :
_bill. (chiefly col.) ;
_c30 cm.
500 _aIncludes index.
650 0 _aSexually transmitted diseases.
700 _aRichens, John
700 _aMitchell, Helen
700 _aFrench, Patrick
700 _aCowan, Frances
907 _a.b10145564
_b27-04-07
_c05-01-05
003
005 20230120203835.0
040 _cNUST
942 _cBOOKS
_kRC200 ADL
999 _c112407
_d112407